000 00483nam a2200181Ia 4500
005 20250326143036.0
008 250326s9999 xx 000 0 und d
037 _aTextbook
040 _aFMSL
_beng
_cFMSL
041 _aeng
_2eng
084 _aX:5:Z2 L9
_qFMSL
100 _aRohatgi K B
245 0 _aMercantile law
_cRohatgi K B; Chopra R K
260 _aNew Delhi
_bNew Delhi, Frank
_c1979
300 _av
942 _cTB
_hX:5:Z2 L9
999 _c1297839
_d1297839